Pays qui s'écrivent avec un espace. - Statistiques

Statistiques générales
  • Ce quiz a été pris 137 fois
    92 depuis la dernière actualisation
  • Le résultat moyen est 14 sur 24
Statistiques - réponses
HINT ANSWER % Correct
Afrique Afrique du Sud
85%
Afrique République démocratique du Congo
85%
Asie Corée du Sud
79%
Asie République populaire démocratique Corée|Corée du Nord
79%
Afrique Soudan du Sud
71%
Afrique Guinée équatoriale
68%
Amérique République dominicaine
66%
Asie Arabie saoudite
65%
Afrique Centrafrique|République centrafricaine
65%
Asie Émirats arabes unis
60%
Afrique Sierra Leone
60%
Afrique Burkina Faso
59%
Afrique Sao Tomé-et-Principe
59%
Afrique Côte d'Ivoire
56%
Océanie Îles Marshall
54%
Amérique Costa Rica
53%
Asie Sri Lanka
53%
Europe République Tchèque|Tchéquie
50%
Océanie Îles Salomon
49%
Europe Macédoine du Nord
45%
Asie Viet Nam
45%
Asie Timor Oriental|Timor Leste
44%
Amérique Saint-Vincent et les Grenadines
39%
Océanie États fédérés de Micronésie
36%
Aucun quiz correspondant
Distribution des résultats
% des personnes avec chaque résultat
Percentile par nombre de réponses
Votre historique - résultats
Vous n’avez pas pris ce quiz depuis la dernière actualisation